Zásady a pravidla územního plánování 2. : Koncepce osídlení, velkých uzemních celku, sídelních útvaru a zón

Na minha lista:
Detalhes bibliográficos
Formato: Livro
Idioma:tcheco
Publicado em: Brno : VÚVA, 1984
Assuntos:
Tags: Adicionar Tag
Sem tags, seja o primeiro a adicionar uma tag!

MARC

LEADER 00000nam a22000003a 4500
001 stu51717
005 20141122030853.1
008 000124s1984------------------------cze-d
040 |a STU  |b slo 
041 0 |a cze 
245 |a Zásady a pravidla územního plánování 2. :  |b Koncepce osídlení, velkých uzemních celku, sídelních útvaru a zón 
260 |a Brno :  |b VÚVA,  |c 1984 
650 7 |a urbanizmus  |2 stusub 
650 7 |a plánovanie územné  |2 stusub 
996 |b 284AB00766  |c A*796 B  |l AAKNAR  |s A  |a 24  |w stu51717_0001